000 00606nam a2200217Ia 4500
003 OSt
005 20230523161352.0
008 210423s2011 xx 000 0 und d
020 _a81-8043-086-3
040 _cAL
041 _aeng
082 _a820.9954 SIND
100 _aSINGH (Karan)
_9111679
245 _aDalitism and feminism: locating woman in dalit literature
260 _aNew Delhi
_bCreative Books
_c2011
300 _a233
_bHB
365 _b550
_cINR
650 _aEnglish Criticism
_9111680
906 _adalit ; Dalitism ; feminism: ; literature ; locating ; woman
942 _2ddc
_cBK
999 _c167975
_d167975